[Event "AUTO-OPEN-4276"]
[Site "http://www.queenalice.com/game.php?id=1686874"]
[Date "2021.4.25"]
[Round "1"]
[White "rubenov"]
[Black "bdpq"]
[Result "1-0"]
[WhiteElo "2108"]
[BlackElo "1669"]

1. d4 d5 2. Bg5 f6 3. Bh4 e6 4. e3 Bd6 5. Qh5+ g6 6. Qd1 Bd7 7. Nc3 Bb4 8. Bd3
Bxc3+ 9. bxc3 g5 10. Qh5+ Ke7 11. Bg3 Bc6 12. Bxh7 Kd7 13. Qf7+ Kc8 14. Qxe6+
Bd7 15. Qf7 Ne7 16. Bd3 Nbc6 17. Qxf6 g4 18. Ne2 a6 19. O-O Rf8 20. Qg5 Rg8 21.
Qf4 b5 22. e4 Na5 23. exd5 Nxd5 24. Qd2 Bc6 25. Nf4 Nxf4 26. Qxf4 Kb7 27. Be4
Bxe4 28. Qxe4+ c6 29. Qh7+ Kb6 30. a4 Nc4 31. Rfb1 Ra7 32. Qd3 Rf7 33. Qxc4 Rf5
34. axb5 axb5 35. Ra6+ Kxa6 36. Qxc6+ Ka7 37. Ra1+ 1-0

[Event "AUTO-OPEN-4276"]
[Site "http://www.queenalice.com/game.php?id=1686899"]
[Date "2021.4.25"]
[Round "1"]
[White "maurice91"]
[Black "rubenov"]
[Result "1/2-1/2"]
[WhiteElo "1929"]
[BlackElo "2085"]

1. d4 d5 2. Nf3 c6 3. c4 dxc4 4. Nc3 b5 5. e4 Bg4 6. Be2 e6 7. h3 Bh5 8. g4 Bg6
9. Ne5 Nf6 10. Nxg6 hxg6 11. Bf3 Qb6 12. Be3 c5 13. dxc5 Bxc5 14. Bxc5 Qxc5 15.
e5 Nd5 16. Nxd5 exd5 17. O-O Rxh3 18. Bxd5 Nc6 19. Bxc6+ Qxc6 20. f3 Rd8 21. Qe2
Rd3 22. Kg2 Rh4 23. Rac1 Rxg4+ 24. Kh2 Rh4+ 25. Kg3 g5 26. Qxd3 Qe6 27. Qd6 Qh3+
28. Kf2 Rf4 29. Qc6+ Kf8 30. Qa8+ Ke7 31. Qxa7+ Ke8 32. Qb8+ Ke7 33. Qc7+ Ke8
34. Qc6+ Kf8 35. Qd6+ Ke8 36. Rc3 Qh2+ 37. Ke1 Qxb2 38. Qb8+ Ke7 39. Qd6+ Ke8
40. Qb8+ Ke7 41. Qd6+ 1/2-1/2

[Event "AUTO-OPEN-4276"]
[Site "http://www.queenalice.com/game.php?id=1686900"]
[Date "2021.4.25"]
[Round "1"]
[White "rubenov"]
[Black "maurice91"]
[Result "0-1"]
[WhiteElo "2097"]
[BlackElo "1924"]

1. d4 c6 2. e4 d5 3. e5 Bf5 4. Nf3 e6 5. Nbd2 c5 6. Nb3 cxd4 7. Nfxd4 Bg6 8. Bd3
Nc6 9. Bb5 Rc8 10. O-O a6 11. Nxc6 bxc6 12. Bxa6 Rb8 13. Bd3 Ne7 14. Bg5 Qc7 15.
Bxg6 Nxg6 16. f4 h6 17. Bh4 Nxh4 18. Qh5 Nf5 19. Qf3 c5 20. Rab1 c4 21. Na1 d4
22. Rfd1 Bc5 23. Kh1 Ne3 24. Rd2 O-O 25. b3 c3 26. Rd3 Rfd8 27. a4 Ba3 28. g4
Bb2 29. Qe2 Qc6+ 30. Kg1 Qe4 31. Re1 Qxf4 32. Rxe3 dxe3 33. Qxe3 Qxe3+ 34. Rxe3
Rd1+ 0-1

[Event "AUTO-OPEN-4276"]
[Site "http://www.queenalice.com/game.php?id=1686917"]
[Date "2021.4.25"]
[Round "1"]
[White "rubenov"]
[Black "Esvir"]
[Result "0-1"]
[WhiteElo "2102"]
[BlackElo "2024"]

1. d4 d5 2. Bg5 Nf6 3. e3 c5 4. Nf3 Nc6 5. c3 c4 6. Be2 e6 7. O-O Be7 8. Nbd2
O-O 9. h3 h6 10. Bh4 Nh5 11. Bxe7 Nxe7 12. Ne5 Nf6 13. Ndf3 Ne4 14. Nd2 Ng6 15.
Nxg6 fxg6 16. Nxe4 dxe4 17. Bxc4 Kh7 18. Qg4 Qf6 19. Qxe4 Rf7 20. Bd3 a5 21. f4
a4 22. h4 Ra5 23. g3 h5 24. Qf3 Kh6 25. Kf2 e5 26. dxe5 Rxe5 27. Ke2 Bg4 0-1

[Event "AUTO-OPEN-4276"]
[Site "http://www.queenalice.com/game.php?id=1686918"]
[Date "2021.4.25"]
[Round "1"]
[White "Esvir"]
[Black "rubenov"]
[Result "0-1"]
[WhiteElo "2017"]
[BlackElo "2061"]

1. c4 e5 2. Nc3 Nf6 3. e4 Nc6 4. Nf3 d6 5. Be2 Be7 6. O-O O-O 7. h3 a6 8. a3 h6
9. Nh4 Nxe4 10. Nxe4 Bxh4 11. c5 d5 12. Nc3 Nd4 13. Bg4 Bxg4 14. Qxg4 f5 15. Qh5
Ne6 16. b4 Bf6 17. Qxf5 Nd4 18. Qg6 Ne6 19. Ne2 Rf7 20. Bb2 Qd7 21. Rad1 Raf8
22. g3 Ng5 23. g4 Nxh3+ 24. Kh2 Ng5 25. f3 Ne6 26. Kg3 d4 27. Rh1 Bg5 28. Rdf1
Bxd2 29. Bc1 Bxc1 30. Nxc1 Nf4 31. Qe4 Qd5 32. Re1 Qxe4 33. Rxe4 Ng6 34. Rf1 Rf4
35. Rf2 c6 36. Nd3 Rxe4 37. fxe4 Rxf2 38. Nxf2 Kf7 39. a4 Kf6 40. Nh3 Ne7 41.
Nf2 g6 42. Kh4 g5+ 43. Kh5 Kg7 44. Nd3 Ng6 45. a5 Nf4+ 46. Nxf4 exf4 0-1

[Event "AUTO-OPEN-4204"]
[Site "http://www.queenalice.com/game.php?id=1707964"]
[Date "2021.4.26"]
[Round "2"]
[White "rubenov"]
[Black "Cerberus"]
[Result "0-1"]
[WhiteElo "2113"]
[BlackElo "2704"]

1. d4 Nf6 2. Nc3 g6 3. Nf3 d5 4. Bg5 Bg7 5. e3 O-O 6. Bd3 c5 7. O-O b6 8. Ne5
Bb7 9. h3 Ne4 10. Bxe4 dxe4 11. Nc4 Ba6 12. b3 cxd4 13. Nxe4 f5 14. Ng3 dxe3 15.
Qxd8 exf2+ 16. Kxf2 Rxd8 17. Rad1 Nc6 18. Rxd8+ Rxd8 19. Re1 b5 20. Ne3 h6 21.
Bf4 e5 0-1

[Event "AUTO-OPEN-4204"]
[Site "http://www.queenalice.com/game.php?id=1707965"]
[Date "2021.4.26"]
[Round "2"]
[White "Cerberus"]
[Black "rubenov"]
[Result "1-0"]
[WhiteElo "2705"]
[BlackElo "2112"]

1. e4 e5 2. Nf3 d6 3. d4 exd4 4. Nxd4 Nf6 5. Nc3 Be7 6. Bc4 Bg4 7. f3 Bd7 8. O-O
O-O 9. Be3 Nc6 10. Nxc6 Bxc6 11. Qd2 Nd7 12. b4 a6 13. a4 b6 14. Rad1 Ne5 15.
Bb3 Qe8 16. f4 Ng6 17. Bd4 Rd8 18. f5 Ne5 19. f6 Bxf6 20. Rxf6 gxf6 21. Qh6 Qe7
22. Rd3 Kh8 23. Rh3 1-0

[Event "AUTO-OPEN-4204"]
[Site "http://www.queenalice.com/game.php?id=1707966"]
[Date "2021.4.26"]
[Round "2"]
[White "rubenov"]
[Black "Rexy"]
[Result "0-1"]
[WhiteElo "2129"]
[BlackElo "2214"]

1. d4 Nf6 2. Nc3 d5 3. Nf3 c5 4. dxc5 Nc6 5. Bg5 d4 6. Bxf6 exf6 7. Ne4 Bf5 8.
Ng3 Bg6 9. Qd2 Bxc5 10. a3 Qb6 11. O-O-O O-O-O 12. Nh4 Ne5 13. Nxg6 Nc4 0-1

[Event "AUTO-OPEN-4204"]
[Site "http://www.queenalice.com/game.php?id=1707967"]
[Date "2021.4.26"]
[Round "2"]
[White "Rexy"]
[Black "rubenov"]
[Result "1-0"]
[WhiteElo "2237"]
[BlackElo "2084"]

1. e4 e5 2. Nf3 d6 3. d4 exd4 4. Nxd4 Nf6 5. Nc3 Be7 6. Bf4 O-O 7. Qd2 a6 8.
O-O-O Nc6 9. Nxc6 bxc6 10. e5 dxe5 11. Bxe5 Qxd2+ 12. Rxd2 Bd8 13. g3 Bb7 14.
Bg2 Rc8 15. Re1 Ng4 16. Bd4 Bg5 17. f4 Bf6 18. Bxf6 Nxf6 19. Na4 Rcd8 20. Nc5
Rxd2 21. Kxd2 Rd8+ 22. Kc3 Bc8 23. b4 Rd6 24. a4 Kf8 25. Bf1 Nd5+ 26. Kb3 Nb6
27. a5 Nd7 28. Nxa6 Bxa6 29. Bxa6 Nb8 30. Bb7 1-0

[Event "AUTO-OPEN-4249"]
[Site "http://www.queenalice.com/game.php?id=1759233"]
[Date "2021.5.11"]
[Round "3"]
[White "CCapivara"]
[Black "rubenov"]
[Result "1-0"]
[WhiteElo "2287"]
[BlackElo "2117"]

1. e4 e5 2. f4 exf4 3. Nf3 Ne7 4. Bc4 Ng6 5. O-O d6 6. d4 Be7 7. c3 O-O 8. b4
Be6 9. Bxe6 fxe6 10. Qb3 Qd7 11. Nbd2 Kh8 12. Bb2 a6 13. c4 c6 14. a4 d5 15. b5
axb5 16. axb5 Rxa1 17. Rxa1 Qd6 18. c5 Qd7 19. b6 Na6 20. Bc3 Kg8 21. e5 Qc8 22.
Qa4 Nh4 23. Nb3 Nxf3+ 24. gxf3 Nb8 25. Qa7 Bd8 26. Kf2 Bh4+ 27. Ke2 h5 28. Rg1
g5 29. Be1 1-0

[Event "AUTO-OPEN-4249"]
[Site "http://www.queenalice.com/game.php?id=1759234"]
[Date "2021.5.11"]
[Round "3"]
[White "rubenov"]
[Black "CCapivara"]
[Result "1-0"]
[WhiteElo "2111"]
[BlackElo "2297"]

1. d4 d5 2. Bg5 Nd7 3. Nf3 Ngf6 4. e3 e6 5. a3 Be7 6. Nc3 O-O 7. Bd3 c5 8. O-O
a6 9. h3 b5 10. Re1 Bb7 11. Bf4 c4 12. Be2 Bc6 13. Ne5 Nxe5 14. Bxe5 Bd6 15. f4
a5 16. Bxd6 Qxd6 17. g4 g5 18. Rf1 gxf4 19. Rxf4 e5 20. dxe5 Qxe5 21. Qd4 Qxd4
22. exd4 Kg7 23. Raf1 Ng8 24. Bf3 Rad8 25. Bg2 Rd7 26. Rf5 Rfd8 27. Ne2 h6 28.
Ng3 Re8 29. Nh5+ Kf8 30. Nf4 Kg7 31. Bxd5 Bxd5 32. Rxd5 Rxd5 33. Nxd5 Re2 34.
Rf2 Re1+ 35. Kg2 Re4 36. c3 Re1 37. Nc7 b4 38. cxb4 axb4 39. axb4 Rd1 40. d5 Nf6
41. Rc2 Nxd5 42. Nxd5 Rxd5 43. Rxc4 Rd2+ 44. Kg3 Rxb2 45. Kf4 Rb3 46. h4 Rh3 47.
h5 Rb3 48. Ke5 Rb1 49. Kd5 Kf6 50. Kc6 Kg5 51. b5 f5 52. gxf5 Kxf5 53. b6 Kg5
54. Rc5+ 1-0

[Event "AUTO-OPEN-4249"]
[Site "http://www.queenalice.com/game.php?id=1759235"]
[Date "2021.5.11"]
[Round "3"]
[White "bdpq"]
[Black "rubenov"]
[Result "0-1"]
[WhiteElo "1679"]
[BlackElo "2110"]

1. e4 e5 2. d4 exd4 3. Qxd4 Nc6 4. Bb5 Nxd4 5. Bd3 Bc5 6. Be3 d6 7. Nc3 Bd7 8.
O-O-O Nf6 9. Nge2 Nxe2+ 10. Bxe2 Bxe3+ 11. fxe3 O-O 12. e5 dxe5 13. Rd3 Qe7 14.
Bf3 e4 15. Nxe4 Nxe4 16. Rd4 Bc6 17. Rhd1 Rad8 18. Rxd8 Rxd8 0-1

[Event "AUTO-OPEN-4249"]
[Site "http://www.queenalice.com/game.php?id=1759236"]
[Date "2021.5.11"]
[Round "3"]
[White "rubenov"]
[Black "bdpq"]
[Result "1-0"]
[WhiteElo "2074"]
[BlackElo "1702"]

1. d4 d5 2. Bg5 h6 3. Bh4 Bf5 4. e3 Nc6 5. Nc3 g5 6. Bg3 Nf6 7. Nb5 e6 8. Nxc7+
Ke7 9. Nxa8 Qxa8 10. a3 Bg7 11. Nf3 Ne4 12. Be5 Bxe5 13. Nxe5 Nxe5 14. dxe5 f6
15. exf6+ Nxf6 16. Bd3 Bxd3 17. cxd3 b5 18. O-O Ng4 19. Qxg4 Qg8 20. Rac1 Kd7
21. Qb4 Qb8 22. Rc5 a6 23. Rfc1 Rd8 24. Rc6 Ke8 25. Rc7 Rd7 26. Rc8+ Qxc8 27.
Rxc8+ Kf7 28. Qf8+ 1-0

[Event "AUTO-MASTER-3042"]
[Site "http://www.queenalice.com/game.php?id=1770942"]
[Date "2021.9.27"]
[Round "2"]
[White "rubenov"]
[Black "Tig"]
[Result "0-1"]
[WhiteElo "2137"]
[BlackElo "2039"]

1. d4 Nf6 2. Nc3 d5 3. Nf3 Bf5 4. Bg5 e6 5. a3 Be7 6. e3 Nbd7 7. Bd3 Bg6 8. Bxg6
hxg6 9. Bf4 Nh5 10. Ne5 g5 11. Nxd7 Qxd7 12. Be5 f6 13. Bg3 Nxg3 14. fxg3 O-O-O
15. Qd3 a6 16. Qg6 f5 17. Qxg7 Rdg8 18. Qf7 Rf8 19. Qg6 g4 20. h4 Bd8 0-1

[Event "AUTO-MASTER-3042"]
[Site "http://www.queenalice.com/game.php?id=1770943"]
[Date "2021.9.27"]
[Round "2"]
[White "Tig"]
[Black "rubenov"]
[Result "1-0"]
[WhiteElo "2023"]
[BlackElo "2091"]

1. e4 e5 2. Bc4 d6 3. Nf3 Be7 4. d4 exd4 5. Qxd4 Nf6 6. Bg5 Nc6 7. Qe3 O-O 8.
O-O Ng4 9. Qd2 Bxg5 10. Qxg5 Qxg5 11. Nxg5 h6 12. Nf3 Nce5 13. Nxe5 Nxe5 14. Bb3
Bd7 15. Nc3 Rac8 16. Nd5 Rfe8 17. h3 Nc6 18. Rfe1 Nd4 19. c3 Nxb3 20. axb3 a6
21. b4 Bc6 22. c4 1-0

[Event "AUTO-MASTER-3042"]
[Site "http://www.queenalice.com/game.php?id=1770946"]
[Date "2021.9.27"]
[Round "2"]
[White "rubenov"]
[Black "CCapivara"]
[Result "1-0"]
[WhiteElo "2121"]
[BlackElo "2184"]

1. d4 d6 2. Bg5 c6 3. Nf3 Bg4 4. Nc3 Qa5 5. Bd2 Qb6 6. Na4 Qc7 7. Nc3 Nd7 8. e3
e5 9. Be2 Ngf6 10. dxe5 dxe5 11. O-O Be7 12. e4 O-O-O 13. Ng5 Bxe2 14. Qxe2 Rhf8
15. Be3 Kb8 16. Qc4 Nb6 17. Bxb6 Qxb6 18. Na4 Qb4 19. Qxb4 Bxb4 20. c3 Be7 21.
b4 h6 22. Nf3 Nxe4 23. Nxe5 Kc7 24. Rfc1 b5 25. Nb2 Bf6 26. f4 Bxe5 27. fxe5 Rd2
28. Nd1 Rfd8 29. Ne3 Re2 30. Nf1 Nd2 31. Re1 Rxe1 32. Rxe1 Nxf1 33. Rxf1 Rd7 34.
Kf2 Kd8 35. Ke3 Ke7 36. Rf2 Ke6 37. Kf4 Rd3 38. Rc2 g5+ 39. Kg4 Kxe5 40. Kh5 f5
41. Kxh6 Kf6 42. h3 Rd8 43. Kh7 Re8 44. Rd2 Re4 45. Rd6+ Ke5 46. Rxc6 Re2 47.
Rc5+ Kf4 48. Kg6 Re6+ 49. Kh5 a6 50. g4 fxg4 51. hxg4 Re3 52. Rf5+ Ke4 53. Rf6
Rxc3 54. Rxa6 Kf4 55. Rf6+ Kg3 56. Rf5 Rc4 57. Rxb5 Rxg4 58. Rxg5 1-0

[Event "AUTO-MASTER-3042"]
[Site "http://www.queenalice.com/game.php?id=1770947"]
[Date "2021.9.27"]
[Round "2"]
[White "CCapivara"]
[Black "rubenov"]
[Result "0-1"]
[WhiteElo "2252"]
[BlackElo "2105"]

1. e4 e5 2. Nf3 d6 3. Bc4 Be7 4. O-O Nf6 5. d3 Nc6 6. c3 O-O 7. Bg5 Bg4 8. Nbd2
a6 9. Bh4 d5 10. Bb3 d4 11. Qc2 h6 12. Bg3 dxc3 13. bxc3 Bd6 14. Bd5 Nxd5 15.
exd5 Ne7 16. Bxe5 Nxd5 17. d4 Bh5 18. Bxd6 cxd6 19. Rfe1 Rc8 20. c4 Bg6 21. Qb3
Nb6 22. Rad1 Qc7 23. Rb1 Bxb1 24. Rxb1 Nxc4 25. Nxc4 Qxc4 26. Qxb7 Qxa2 27. h3
a5 28. Rb3 Rc1+ 29. Kh2 Qxf2 30. Qd7 Rc2 31. Qg4 Ra2 32. Nh4 f5 33. Qg6 Qxh4 34.
Rb7 Qf4+ 0-1

[Event "AUTO-ADV-3631"]
[Site "http://www.queenalice.com/game.php?id=1773770"]
[Date "2021.11.2"]
[Round "3"]
[White "Mikalus"]
[Black "rubenov"]
[Result "1-0"]
[WhiteElo "2028"]
[BlackElo "2122"]

1. e4 e5 2. Nf3 d6 3. c3 Nf6 4. Qc2 Be7 5. d4 exd4 6. cxd4 O-O 7. Bd3 h6 8. Nc3
Nc6 9. a3 Bg4 10. Be2 Bxf3 11. Bxf3 Nxd4 12. Qd3 1-0

[Event "AUTO-ADV-3631"]
[Site "http://www.queenalice.com/game.php?id=1773771"]
[Date "2021.11.2"]
[Round "3"]
[White "rubenov"]
[Black "Mikalus"]
[Result "0-1"]
[WhiteElo "2107"]
[BlackElo "2048"]

1. d4 d5 2. Bg5 Nf6 3. e3 Nc6 4. Nf3 Ne4 5. Bf4 g6 6. Bd3 Bg7 7. Bxe4 dxe4 8.
Ng5 Qd5 9. Nc3 Qf5 10. Ngxe4 e5 11. g4 Qxg4 12. Qxg4 Bxg4 0-1